Statistics for Countries with the most Mountainous Area

Click here to take the quiz!

General Stats

  • This quiz has been taken 83 times
  • The average score is 6 of 10

Answer Stats

HintAnswer% Correct
80.7%Nepal
97%
98.8%Bhutan
95%
83.6%Switzerland
91%
90.7%Kyrgyzstan
68%
91.9%Tajikistan
67%
85.9%Armenia
63%
90.5%Lesotho
46%
89.3%Montenegro
30%
85.5%North Macedonia
22%
81.1%Lebanon
21%

Score Distribution

Percentile by Number Answered

Percent of People with Each Score

Your Score History

You have not taken this quiz